Brookside Characters - Sudden Death - Statistics

General Stats
  • This quiz has been taken 52 times
  • The average score is 7 of 17
Answers on the Grid
Answers color-coded by a green-red scale on the quiz's grid according to % correct below.
Karen Grant
Billy Williams
Diane Murray
Terry Sullivan
Felicity Monroe
Claire Grant
Alan Partridge
Minnie Sharples
Ali Osman
Mike Dixon
Patricia Farnham
Penny Crosbie
Spider Nugent
Emily Antrobus
Pat Hancock
Annabelle Collins
Billy Grant
Julia Brogan
Gemma Collins
Nisha Batra
Eleanor Rigby
Nicholas Black
Kylie Corkhill
PC Bob Hope
Viv Windsor
Meg Armstrong
Nikki White
Gizmo Hawkins
Sid Sims
Peter Phelan
 
Answer Stats
Answer % Correct
Karen Grant
73%
Mike Dixon
73%
Terry Sullivan
65%
Annabelle Collins
58%
Kylie Corkhill
54%
Diane Murray
46%
Patricia Farnham
46%
Pat Hancock
42%
Penny Crosbie
42%
Alan Partridge
38%
Claire Grant
38%
Julia Brogan
38%
Nisha Batra
31%
Nicholas Black
27%
Gizmo Hawkins
23%
Peter Phelan
23%
Nikki White
19%
No matching quizzes found
Score Distribution
Percent of People with Each Score
Percentile by Number Answered
Your Score History
You have not taken this quiz